| 000 | 00640cam a22002291 4500 | ||
|---|---|---|---|
| 001 | ca 30000173 | ||
| 003 | DLC | ||
| 005 | 20260227111122.0 | ||
| 008 | 770913s1929 xx 000 0 eng | ||
| 010 | _aca 30000173 | ||
| 035 | _a(OCoLC)3261493 | ||
| 040 |
_aDLC _cOC _dDLC |
||
| 050 | 0 | 0 |
_aTL546 _b.D3 |
| 110 | 2 | _aDayton school of aviation. | |
| 245 | 0 | 0 |
_aLesson[s] _c[by] Robert L. Rockwell. |
| 260 |
_aDayton, O., _bThe Dayton school of aviation _c[c1929] |
||
| 300 |
_a60 pt. in 1 v. _billus. _c22 cm. |
||
| 500 | _aEach part paged separately. | ||
| 650 | 0 | _aAeronautics. | |
| 650 | 0 | _aAirplanes. | |
| 700 | 1 | _aRockwell, Robert L. | |
| 999 |
_c16590 _d16590 |
||